مكتبة جامعة عجلون الوطنية

فهرس بحث المكتبة

اثر الذكاء الاصطناعي على ادارة المخاطر في البنوك الإسلامية الأردنية = The Impact of Artificial Intelligence on Risk Management in Jordanian Islamic Banks / (Record no. 33550)

MARC details
000 -LEADER
fixed length control field 01089nam a22001937a 4500
003 - CONTROL NUMBER IDENTIFIER
control field JO-AjAnu
005 - DATE AND TIME OF LATEST TRANSACTION
control field 20240706085402.0
008 - FIXED-LENGTH DATA ELEMENTS--GENERAL INFORMATION
fixed length control field 240706b jo ||||| |||| 00| 0 ara d
040 ## - CATALOGING SOURCE
Original cataloging agency JO-AjAnu
Transcribing agency JO-AjAnu
041 ## - LANGUAGE CODE
Language code of text/sound track or separate title ARA
100 #1 - MAIN ENTRY--PERSONAL NAME
Personal name عباس، صدام حسين ضيف الله
9 (RLIN) 65988
Relator term معد
245 #0 - TITLE STATEMENT
Title اثر الذكاء الاصطناعي على ادارة المخاطر في البنوك الإسلامية الأردنية = The Impact of Artificial Intelligence on Risk Management in Jordanian Islamic Banks /
Statement of responsibility, etc. اعداد صدام حسين ضيف الله عباس ؛ إشراف محي الدين يعقوب ابو الهول
260 ## - PUBLICATION, DISTRIBUTION, ETC.
Date of publication, distribution, etc. 2024
300 ## - PHYSICAL DESCRIPTION
Extent 97 ورقة
500 ## - GENERAL NOTE
General note رسالة جامعية (ماجستير) .- جامعة عجلون الوطنية (عجلون، الأردن)، كلية الأعمال ، تخصص المصارف الاسلامية 2024<br/>
650 70 - SUBJECT ADDED ENTRY--TOPICAL TERM
Topical term or geographic name entry element البنوك الاسلامية - ادارة المخاطر
9 (RLIN) 65989
700 #1 - ADDED ENTRY--PERSONAL NAME
Personal name ابو الهول، محي الدين يعقوب
9 (RLIN) 64950
Relator term مشرف
942 ## - ADDED ENTRY ELEMENTS (KOHA)
Source of classification or shelving scheme Library of Congress Classification
Koha item type Thesis
Suppress in OPAC No
Holdings
Withdrawn status Lost status Source of classification or shelving scheme Damaged status Not for loan Home library Current library Date acquired Total Checkouts Full call number Barcode Date last seen Price effective from Koha item type
    Library of Congress Classification     مكتبة جامعة عجلون الوطنية مكتبة جامعة عجلون الوطنية 06/07/2024   HG3368 2024 A29973 06/07/2024 06/07/2024 Thesis
    Library of Congress Classification     مكتبة جامعة عجلون الوطنية مكتبة جامعة عجلون الوطنية 06/07/2024   HG3368 2024 A29972 06/07/2024 06/07/2024 Thesis